The potential of precast concrete's fabric energy storage is being realised for new construction (Record no. 77156)

MARC details
000 -LEADER
fixed length control field 01154cab a2200181 4500
001 - CONTROL NUMBER
control field ##L133689
008 - FIXED-LENGTH DATA ELEMENTS--GENERAL INFORMATION
fixed length control field 060602n2006 000 0 eng u
035 ## - SYSTEM CONTROL NUMBER
System control number (Sirsi) u133689
041 0# - LANGUAGE CODE
Language code of text/sound track or separate title eng
100 1# - MAIN ENTRY--PERSONAL NAME
Personal name Minson, Andrew
245 04 - TITLE STATEMENT
Title The potential of precast concrete's fabric energy storage is being realised for new construction
260 ## - PUBLICATION, DISTRIBUTION, ETC.
Date of publication, distribution, etc. 2006
490 #0 - SERIES STATEMENT
Series statement Architects' Journal
Volume/sequential designation 21(223) 1 June 2006, 50-51(2)
520 ## - SUMMARY, ETC.
Summary, etc. Reports on those properties in precast concrete which make it particularly suitable for sustainable construction compared with other materials. Fabric energy storagereduces the need for heating and air conditioning, reducing capital costs by 5-20%. In addition, the fire resistance, sound insulation, minimum vibration and long life of this type of concrete reduces the need for protective coatings, preservative treatments, and vibration-damper systems. The precast industry is also seeking ways to reduce the energy and materials used in manufacturing the product.
590 ## - LOCAL NOTE (RLIN)
Local note IKA060606
690 ## - LOCAL SUBJECT ADDED ENTRY--TOPICAL TERM (OCLC, RLIN)
Topical term or geographic name as entry element BUILT ENVIRONMENT-BUILDING MATERIALS-CEMENTITIOUS, CONCRETE AND MINERAL BOUND MATERIALS-CONCRETE
942 ## - ADDED ENTRY ELEMENTS (KOHA)
Suppress in OPAC 0
Holdings
Withdrawn status Lost status Source of classification or shelving scheme Damaged status Not for loan Home library Current library Shelving location Date acquired Total Checkouts Full call number Barcode Date last seen Copy number Price effective from Koha item type
    Dewey Decimal Classification     London London Journal article 02/06/2006   L133689 133689-1001 06/08/2019 1 06/08/2019 Journal article